Szczegóły MARC21

Książka i biblioteka w środowisku edukacyjnym : praca zbiorowa /

003 -Nazwa inst., której nr kontr. jest w polu 001 [,]
    • @
    • Nazwa instytucji, której n kontrolny jest w polu 001
    • NUKAT
005 -DATA I CZAS OSTATNIEJ MODYFIKACJI [,]
    • @
    • pole kontrolne
    • 20241231092244.0
020 -Międzynarod. znormalizowany nr książki - ISBN [ , ]
    • a
    • Numer ISBN
    • 8387629766 Find
040 -Instytucja sporządzająca opis [ , ]
    • a
    • Instytucja, która sporządziła opis (NP)
    • LUBL 64/EH
    • c
    • Instytucja, która sporządziła rekord (NP)
    • LUBL 64/EH
    • d
    • Instytucja, która zmodyfikowała rekord (P)
    • LUBL 64/MK
    • d
    • Instytucja, która zmodyfikowała rekord (P)
    • WR O/DSs
    • d
    • Instytucja, która zmodyfikowała rekord (P)
    • WA U/BO
    • d
    • Instytucja, która zmodyfikowała rekord (P)
    • LUBL 58/RL
942 -Rodzaj dokumentu [ , ]
    • c
    • Rodzaj dokumentu
    • Książka
245 -Strefa tytułu i oznaczenia odpowiedzialności [0,0]
    • a
    • Tytuł
    • Książka i biblioteka w środowisku edukacyjnym : Find
    • b
    • Ciąg dalszy tytułu (NP)
    • praca zbiorowa / Find
    • c
    • Pozostałe elementy strefy tytułu i oznaczenia odpowiedzialności (NP)
    • pod red. Elżbiety Barbary Zybert ; Stowarzyszenie Bibliotekarzy Polskich.
246 -Wariant tytułu [1,5]
    • a
    • Tytuł (NP)
    • Book and the library in educational environment
260 -Strefa adresu wydawniczego [ , ]
    • a
    • Miejsce wydania (P)
    • Warszawa :
    • b
    • Nazwa wydawcy (P)
    • Wydaw. SBP,
    • c
    • Data wydania (P)
    • 2002.
300 -Strefa opisu fizycznego [ , ]
    • a
    • Określenie formy książki i/lub objętość (NP)
    • 245 s. :
    • b
    • Oznaczenie ilustracji (NP)
    • il. ;
    • c
    • Format (NP)
    • 21 cm.
336 -Typ zawartości [ , ]
    • a
    • Termin opisujący typ zawartości
    • Tekst
    • b
    • Kod określający zawartość
    • txt
    • 2
    • Źródło (terminu i kodu)
    • rdacontent
337 -Typ mediów [ , ]
    • a
    • Tryb odtwarzania
    • Bez urządzenia pośredniczącego
    • b
    • Kod typu mediów
    • n
    • 2
    • Źródło (terminu i kodu)
    • rdamedia
338 -Typ/rodzaj nośnika [ , ]
    • a
    • Hasło opisujące typ nośnika
    • Wolumin
    • b
    • Kod typu nośnika
    • nc
    • 2
    • Źródło (terminu i kodu)
    • rdacarrier
490 -Strefa serii i książki wielotomowej - forma nie do wyszukiwania [1, ]
    • a
    • Tytuł (P)
    • Nauka, Dydaktyka, Praktyka ; Find
    • v
    • Numeracja (P)
    • 49
830 -Hasło dodatkowe serii i opisu książki wielotomowej - tytuł ujednolicony/tytuł [ ,0]
    • a
    • Tytuł ujednolicony/tytuł (NP)
    • Nauka, Dydaktyka, Praktyka
    • v
    • Oznaczenie tomu (NP)
    • 49
    • 9
    • KHW
    • 7614
504 -Uwaga dot. bibliogr. załącznikowej [ , ]
    • a
    • Uwaga dot. bibliografii załącznikowej
    • Bibliogr. przy niektórych rozdziałach.
080 -Uniwersalna Klasyfikacja Dziesiętna [ , ]
    • 2
    • Identyfikator wydania tablic
    • UDC-P058
    • 9
    • UKD
    • 2314
    • a
    • Symbol klasyfikacji
    • 027.8
    • b
    • Dopowiedzenie
    • Biblioteki szkolne.
080 -Uniwersalna Klasyfikacja Dziesiętna [ , ]
    • 2
    • Identyfikator wydania tablic
    • UDC-P058
    • 9
    • UKD
    • 2317
    • a
    • Symbol klasyfikacji
    • 028.5
    • b
    • Dopowiedzenie
    • Czytelnictwo dzieci i młodzieży.
080 -Uniwersalna Klasyfikacja Dziesiętna [ , ]
    • 2
    • Identyfikator wydania tablic
    • UDC-P058
    • 9
    • UKD
    • 2342
    • a
    • Symbol klasyfikacji
    • 069.1
    • b
    • Dopowiedzenie
    • Cel, znaczenie wychowawcze, działalność edukacyjna muzeum.
650 -Hasło przedmiotowe [ ,7]
    • a
    • Hasło przedmiotowe
    • Biblioteki szkolne.
    • 2
    • Źródło terminu
    • kaba
    • 9
    • KHW
    • 103140
650 -Hasło przedmiotowe [ ,7]
    • a
    • Hasło przedmiotowe
    • Biblioteki i edukacja.
    • 2
    • Źródło terminu
    • kaba
    • 9
    • KHW
    • 103114
650 -Hasło przedmiotowe [ ,7]
    • a
    • Hasło przedmiotowe
    • Muzea
    • x
    • Określnik rzeczowy
    • aspekt edukacyjny.
    • 2
    • Źródło terminu
    • kaba
    • 9
    • KHW
    • 120092
650 -Hasło przedmiotowe [ ,7]
    • a
    • Hasło przedmiotowe
    • Podręczniki
    • x
    • Określnik rzeczowy
    • produkcja i handel
    • z
    • Określnik geograficzny
    • Polska
    • y
    • Określnik chronologiczny
    • 1990-.
    • 2
    • Źródło terminu
    • kaba
    • 9
    • KHW
    • 547299
650 -Hasło przedmiotowe [ ,7]
    • a
    • Hasło przedmiotowe
    • Edukacja
    • x
    • Określnik rzeczowy
    • zasoby internetowe.
    • 2
    • Źródło terminu
    • kaba
    • 9
    • KHW
    • 142297
650 -Hasło przedmiotowe [ ,7]
    • a
    • Hasło przedmiotowe
    • Bibliotekarze szkolni.
    • 2
    • Źródło terminu
    • kaba
    • 9
    • KHW
    • 103049
980 -Symbol UKD [ , ]
    • a
    • UKD
    • 027.8:028.5:069.1
700 -Hasło dodatkowe - nazwa osobowa [1, ]
    • a
    • Nazwa osobowa (NP)
    • Zybert, Elżbieta Barbara Find
    • d
    • Daty biograficzne (NP)
    • (1952- ).
    • e
    • Określenie rodzaju współpracy
    • Red.
    • 9
    • KHW
    • 8329
710 -Hasło dodatkowe - nazwa ciała zbiorowego [2, ]
    • a
    • Nazwa ciała zbiorowego lub nazwa geograficzna jako pierwszy element (NP)
    • Stowarzyszenie Bibliotekarzy Polskich.
    • 4
    • Kod relacji
    • pbl
    • 9
    • KHW
    • 8334
710 -Hasło dodatkowe - nazwa ciała zbiorowego [2, ]
    • a
    • Nazwa ciała zbiorowego lub nazwa geograficzna jako pierwszy element (NP)
    • Stowarzyszenie Bibliotekarzy Polskich.
    • b
    • Nazwa jednostki podrzędnej (P)
    • Wydawnictwo.
    • 4
    • Kod relacji
    • pbl
    • 9
    • KHW
    • 52190
920 -ISBN [ , ]
    • a
    • ISBN
    • 83-87629-76-6 Find
Powiązanie z serią Sygnatura Numer inwentarzowy Numer tomu Status udost. Lokalizacja Data inwentaryzacji
Nauka, Dydaktyka, Praktyka ; 49 E.68330[T. 49]-2BE2002-07-08
Nauka, Dydaktyka, Praktyka ; 49VI.21Inf.365[T. 49]1BG2010-09-22
Nauka, Dydaktyka, Praktyka ; 49 P.18401[T. 49]1BM2002-07-08
Nauka, Dydaktyka, Praktyka ; 49VI.21Z.99118[T. 49]-6INF2002-07-08